Research methods for managers. (3rd edition) (Record no. 80158)

MARC details
000 -LEADER
fixed length control field 01147nam a2200265 a 4500
008 - FIXED-LENGTH DATA ELEMENTS--GENERAL INFORMATION
fixed length control field 101026s2002 ||||||||||||||||| || u
020 ## - INTERNATIONAL STANDARD BOOK NUMBER
International Standard Book Number 0761940022
020 ## - INTERNATIONAL STANDARD BOOK NUMBER
International Standard Book Number 0761940014
050 ## - LIBRARY OF CONGRESS CALL NUMBER
Classification number HD 30.4 Gil
100 ## - MAIN ENTRY--PERSONAL NAME
Personal name Johnson, Phil, 1955-
245 10 - TITLE STATEMENT
Title Research methods for managers. (3rd edition)
Statement of responsibility, etc. John Gill and Phil Johnson
250 ## - EDITION STATEMENT
Edition statement 3rd ed.
260 ## - PUBLICATION, DISTRIBUTION, ETC.
Place of publication, distribution, etc. London:
Name of publisher, distributor, etc. SAGE Publications
Date of publication, distribution, etc. 2002
300 ## - PHYSICAL DESCRIPTION
Extent xi, 233p.: ill
350 ## -
-- 0.00
500 ## - GENERAL NOTE
General note Includes bibliographical references (p. 205-224) and index.
650 ## - SUBJECT ADDED ENTRY--TOPICAL TERM
Topical term or geographic name entry element INDUSTRIAL MANAGEMENT--RESEARCH--METHODOLOGY
650 #0 - SUBJECT ADDED ENTRY--TOPICAL TERM
Topical term or geographic name entry element MANAGEMENT
650 ## - SUBJECT ADDED ENTRY--TOPICAL TERM
Topical term or geographic name entry element MANAGEMENT--RESEARCH--METHODOLGY
650 ## - SUBJECT ADDED ENTRY--TOPICAL TERM
Topical term or geographic name entry element MANAGEMENT--METHODOLOGY--RESEARCH
650 ## - SUBJECT ADDED ENTRY--TOPICAL TERM
Topical term or geographic name entry element MANAGEMENT--RESEARCH--METHODOLOGY--DICTIONARIES
700 ## - ADDED ENTRY--PERSONAL NAME
Personal name Gill, John, 1930-
995 ## -
-- ANNEX COLLECTION (Main Library)
-- 0.00
-- 734792
-- CBU-MAIN LIBRARY (Kitwe)
-- 1
-- 22.95
-- HD 30.4 Gil
-- 1
-- AVAILABLE
-- 52060
-- Annex Low-Usage Collection
995 ## -
-- MAIN LIBRARY OPEN ACCESS
-- 0.00
-- 741836
-- CBU-MAIN LIBRARY (Kitwe)
-- 1
-- 0.00
-- HD 30.4 Gil
-- 1
-- LOST
-- Mar 11, 2013
-- Jan 3, 2011
-- 741836
-- Main Library Open Access Collection
999 ## -
-- 80158
-- 80158
Holdings
Withdrawn status Lost status Source of classification or shelving scheme Damaged status Not for loan Permanent Location Current Location Shelving location Date acquired Total Checkouts Full call number Barcode Date last seen Copy number Price effective from Koha item type
          CBU-MAIN LIBRARY, KITWE. CBU-MAIN LIBRARY, KITWE.   06/29/2023   HD 30.4 Gil 52060 06/29/2023 1 06/29/2023 MONOGRAPH
          CBU-MAIN LIBRARY, KITWE. CBU-MAIN LIBRARY, KITWE.   06/29/2023   HD 30.4 Gil 741836 06/29/2023 2 06/29/2023 MONOGRAPH